000 00419nam a2200157 i 4500
001 28369
003 ES-MaACL
007 t|
008 030117s1914 ddr ||||1| fre d
100 1 _aBaedeker, Karl.
_924575
245 1 0 _aAllemagne
_b: manuel du voyageur /
_cpar Karl Baedeker.
250 _a4eme ed.
260 _aLeipzig :
_b[Grumil & Trume],
_c1914.
300 _a564 p. ;
_c16 cm.
852 _aES-MaACL
_jB-1458
999 _c28369
_d28369